Actas del 8º Seminario Internacional "Aprendizaje y Servicio Solidario": Aprendizaje y servicio solidario en la escuela (Registro nro. 1801)

Detalles MARC
000 -LEADER
fixed length control field 00917nam a2200217 a 4500
003 - CONTROL NUMBER IDENTIFIER
control field OSt
005 - FECHA ULTIMA MODIFICACION
control field 20131016161133.0
008 - FIXED-LENGTH DATA ELEMENTS--GENERAL INFORMATION
fixed length control field 131016s2005 ag ||||| |||| 00| 0 spa d
040 ## - CATALOGING SOURCE
Transcribing agency Biblioteca Medicina
041 ## - LANGUAGE CODE
Language code of text/sound track or separate title spa
082 ## - DEWEY DECIMAL CLASSIFICATION NUMBER
Item number CONGRESOS 028
110 2# - MAIN ENTRY--CORPORATE NAME
Corporate name or jurisdiction name as entry element Ministerio de Educacion, Ciencia y Tecnologia
9 (RLIN) 2609
245 00 - TITLE STATEMENT
Title Actas del 8º Seminario Internacional "Aprendizaje y Servicio Solidario": Aprendizaje y servicio solidario en la escuela
260 ## - PUBLICATION, DISTRIBUTION, ETC. (IMPRINT)
Place of publication, distribution, etc Buenos Aires
Name of publisher, distributor, etc Ministerio de Educacion, Ciencia y Tecnologia;
-- Unidad de Programas Especiales;
-- Programa Nacional Educacion Solidaria
300 ## - PHYSICAL DESCRIPTION
Extent 147 p.
518 ## - DATE/TIME AND PLACE OF AN EVENT NOTE
Date/time and place of an event note Buenos Aires, Argentina. 26 y 27 de Octubre de 2005
653 ## - INDEX TERM--UNCONTROLLED
Uncontrolled term EDUCACION SOLIDARIA-SEMINARIO-2005
653 ## - INDEX TERM--UNCONTROLLED
Uncontrolled term ESCUELAS-PROYECTOS COMUNITARIOS
942 ## - ADDED ENTRY ELEMENTS (KOHA)
Source of classification or shelving scheme Dewey Decimal Classification
Koha item type Hemeroteca
Existencias
Withdrawn status Lost status Fuente de clasificación Damaged status Not for loan Colección Ubicación permanente Ubicación actual Sala de ubicación Fecha de adquisición Total Checkouts Número de clasificación Date last seen Número de ejemplar Price effective from Koha tipo de elemento (item)
    Dewey Decimal Classification     Non-fiction Biblioteca Medicina Biblioteca Medicina Circulación 16/10/2013   CONGRESOS 028 06/11/2014 Ej. 1 16/10/2013 Hemeroteca

UNIVERSIDAD NACIONAL DEL COMAHUE
Biblioteca de la Facultad de Ciencias Médicas
Sede Toschi: Los Arrayanes y Av. Toschi, Cipolletti  - Rio Negro
Sede Los Tordos:  Yrigoyen al 2211, Cipolletti - Rio Negro 

Teléfono: 0299 - 4774707 int 25
Contacto: biblioteca@facimed.uncoma.edu.ar
© 2011 - 2026